| 000 | 01535nam a22003017a 4500 | ||
|---|---|---|---|
| 999 |
_c119195 _d119195 |
||
| 003 | dpl | ||
| 005 | 20190424115322.0 | ||
| 008 | 190424b ||||| |||| 00| 0 eng d | ||
| 010 | _aB-136308 | ||
| 020 |
_c00.00 _a8179170438 |
||
| 035 | _aB-136308, B-136309 | ||
| 037 | _bCen Lib/Ret | ||
| 040 |
_aDPL _bHN _c0 |
||
| 082 |
_a305.56 _bजायस |
||
| 100 |
_aजायसवाल, सुवीरा _983775 |
||
| 245 |
_aवर्णजाति व्यवस्था : _cसुवीरा जायसवाल ; अनुवादक आदित्यनारायण सिंह _bउदभव,प्रकार्य और रूपांतरण / |
||
| 246 |
_aVarnjati vyavstha : udbhav,prakarye aur roopantaran / _bby Suveera Jayaswal ;anuvadak Adityanarayan Singh |
||
| 260 |
_bग्रंथ शिल्पी _aदिल्ली _c2004 |
||
| 270 |
_bदिल्ली _aबी-5, सरस्वती काम्प्लेक्स, सुभाष चौक, लक्ष्मी नगर _e110092 |
||
| 300 |
_a264पृ. _c22सेमी(सजिल्द) |
||
| 500 | _aसंदर्भ शामिल | ||
| 650 |
_aजाति और हिन्दू धर्म _983776 |
||
| 650 |
_aपारंपरिक बौद्ध धर्म _983777 |
||
| 650 |
_aCaste and Hinduism _983778 |
||
| 650 |
_aTraditional Buddhism _983779 |
||
| 700 |
_aआदित्यनारायण सिंह _99378 |
||
| 942 |
_2ddc _cHN _h305.56 _mजायस |
||